Estrategia y política en la era nuclear / (Record no. 132224)

MARC details
000 -LEADER
campo de control de longitud fija 00601nam a2200193 4500
001 - NÚMERO DE CONTROL
campo de control 132224
003 - IDENTIFICADOR DE NÚMERO DE CONTROL
campo de control ES-MaACL
005 - FECHA Y HORA DE LA ÚLTIMA TRANSACCIÓN
campo de control 20250814234434.0
007 - CAMPO FIJO DE DESCRIPCIÓN FÍSICA--INFORMACIÓN GENERAL
campo de control de longitud fija t|
008 - DATOS DE LONGITUD FIJA--INFORMACIÓN GENERAL
campo de control de longitud fija 070214s1979 sp r ||||1| spa d
100 1# - ENTRADA PRINCIPAL--NOMBRE DE PERSONA
Nombre de persona Romero, Aníbal.
9 (RLIN) 99304
245 10 - MENCIÓN DEL TÍTULO
Título Estrategia y política en la era nuclear /
Mención de responsabilidad, etc. Aníbal Romero.
260 ## - PUBLICACIÓN, DISTRIBUCIÓN, ETC.
Lugar de publicación, distribución, etc. Madrid :
Nombre del editor, distribuidor, etc. Tecnos,
Fecha de publicación, distribución, etc. 1979.
300 ## - DESCRIPCIÓN FÍSICA
Extensión 302 p. ;
Dimensiones 23 cm.
490 1# - MENCIÓN DE SERIE
Mención de serie Ciencias Sociales. Relaciones Internacionales
830 00 - PUNTO DE ACCESO ADICIONAL DE SERIE-TÍTULO UNIFORME
Título uniforme Ciencias sociales.
Nombre de parte o sección de la obra Relaciones internacionales
9 (RLIN) 219637
852 ## - LOCALIZACIÓN
Ubicación ES-MaACL
Número de control de estantería L-11413
Sublocalización o colección R.113109
Holdings
Estatus retirado Estado de pérdida Estado de daño No para préstamo Biblioteca de origen Biblioteca actual Ubicación en estantería Fecha de adquisición Fuente de adquisición Total de préstamos Signatura topográfica completa Código de barras Visto por última vez Precio de reemplazo Tipo de ítem Koha
        Biblioteca del Ateneo de Madrid Biblioteca del Ateneo de Madrid Depósito 2 17/01/2008     L-11413 1137659 23/02/2023 23/02/2023 Libro impreso